000 01729cam a22004094a 4500
001 13444228
003 OSt
005 20260616155526.0
008 031224s2004 ilu b 000 0deng
010 _a 2003027940
020 _a0830832149
_qalk. paper
020 _a9780830832149
_q(alk. paper)
035 _a13444228
040 _aDLC
_cDLC
_dDLC
042 _apcc
050 0 0 _aBT1103
_b.J64 2004
082 0 0 _a230
_222
100 1 _aJohnson, G. Timothy,
_d1936-
245 1 0 _aFinding God in the questions :
_ba personal journey /
_cTimothy Johnson.
260 _aDowners Grove, Ill. :
_bInterVarsity Press,
_cc2004.
300 _a216 p. ;
_c22 cm.
336 _atext
_btxt
_2rdacontent
337 _aunmediated
_bn
_2rdamedia
338 _avolume
_bnc
_2rdacarrier
504 _aIncludes bibliographical references (p. [213]-216).
505 0 _aWhy do the questions keep coming? -- Is the universe an accident? -- How did we get here? -- Who are we? -- Why bother with religion and the Bible? -- What did Jesus teach? -- Who was Jesus? -- How should faith shape our lives? -- Is God in control? -- Can we bet on the heart of God?
583 _aCataloguing:
_c20260616
_kgtanuigtanui
600 1 0 _aJohnson, G. Timothy,
_d1936-
650 0 _aApologetics.
650 0 _aReligion and science.
650 0 _aChristian life.
856 4 1 _3Table of contents
_uhttp://www.loc.gov/catdir/toc/ecip0412/2003027940.html
906 _a7
_bcbc
_corignew
_d1
_eecip
_f20
_gy-gencatlg
942 _2lcc
_cBK
999 _c21691
_d21690